| 000 | 01877nam a2200289Ia 4500 | ||
|---|---|---|---|
| 999 |
_c51656 _d51656 |
||
| 001 | 18647 | ||
| 003 | GE_BSU | ||
| 005 | 20220920170140.0 | ||
| 008 | 181216s2008||||ge |||||||||||||| ||geo|| | ||
| 040 | _cGE_BSU | ||
| 041 | _ageo | ||
| 080 | _a33 მ-44 | ||
| 100 |
_aმახარაძე, ნანული _910467 |
||
| 245 |
_aინოვაციური პოლიტიკის ძირითადი ასპექტები სამამულო წარმოებაში : დისერტაცია / _cნანული მახარაძე; სამეცნიერო ხელმძღვანელი დავით დევაძე, ნ.თოდუა; ბათუმის შოთა რუსთაველის სახელმწიფო უნივერსიტეტი. |
||
| 264 |
_aბათუმი, _b _c2008. |
||
| 300 |
_a148 გვ.; _b30 სმ. |
||
| 504 | _aბიბლიოგრ.: გვ. 121-126 | ||
| 653 | _aდისერტაცია | ||
| 653 | _aეკონომიკა | ||
| 653 | _aინოვაციური პოლიტიკის ძირითადი ასპექტები სამამულო წარმოებაში | ||
| 653 | _a საქართველოს საბაზრო ეკონომიკა | ||
| 653 | _aბიზნესის მართვა საქართველოში | ||
| 700 |
_aდევაძე, დავით _eსამეცნიერო ხელმძღვანელი _94057 |
||
| 700 |
_aთოდუა, ნ. _eსამეცნიერო ხელმძღვანელი _99612 |
||
| 710 |
_a ბათუმის შოთა რუსთაველის სახელმწიფო უნივერსიტეტი _910468 |
||
| 942 |
_cBK _2udc |
||